Vista normal
Vista MARC
Entrada Personal Name
Número de registros utilizados en: 1
001 - CONTROL NUMBER
- control field: 14399
003 - CONTROL NUMBER IDENTIFIER
- control field: DLC
005 - DATE AND TIME OF LATEST TRANSACTION
- control field: 20230627105145.0
008 - FIXED-LENGTH DATA ELEMENTS
- fixed length control field: 130919n| azannaabn |a aaa c
010 ## - LIBRARY OF CONGRESS CONTROL NUMBER
- LC control number: no2013101885
035 ## - SYSTEM CONTROL NUMBER
- System control number: (OCoLC)oca09572078
040 ## - CATALOGING SOURCE
- Original cataloging agency: NjP
- Language of cataloging: spa
- Description conventions: rda
- Transcribing agency: Mx-PuUPA
- Modifying agency: DLC
- Modifying agency: Mx-PuUPA
100 1# - HEADING--PERSONAL NAME
- Personal name: Kumar, Abhishek,
374 ## - OCCUPATION
- Occupation: Autor
375 ## - GENDER
- Gender: hombre
- Source of term: lcdgt
377 ## - ASSOCIATED LANGUAGE
- Language code: eng
400 0# - SEE FROM TRACING--PERSONAL NAME
- Personal name: Abhishek Kumar
670 ## - SOURCE DATA FOUND
- Source citation: Micro finance and rural development, c2012:
- Information found: t.p. (Abhishek Kumar)
670 ## - SOURCE DATA FOUND
- Source citation: A DSGE model-based analysis of the Indian slowdown, April 2017:
- Information found: t.p. (Abhishek Kumar)